000 01052nam a2200253Ia 4500
001 18194
003 GE_BSU
008 181216s||||||||xx |||||||||||||| ||und||
040 _cGE_BSU
080 _a811.353.1(063)
245 _aბუნებრივ ენათა დამუშავება. კონფერენციის მასალები
245 _b2007 წლის 29-30 მაისი
245 _cრედ. ჭ.დათუკიშვილი
250 _aარნოლდ ჩიქობავას ენათმეცნიერების ინ-ტი
260 _aთბილისი
260 _bარნოლდ ჩიქობავას ენათმეცნიერების ინ-ტი
260 _c2007
300 _a47გვ.26სმ.
520 _aტექსტი ინგ.ენ.
541 _h2 ლ.
653 _a2007 წლის 29-30 მაისი
653 _aბუნებრივ ენათა დამუშავება
942 _cBK
999 _c51234
_d51234